000 00694nam a2200241 a 4500
008
020 _a0072969040 (hbk.)
049 _aMAIN
090 _aQD40
_bLAI
100 1 _aLaird, Brian B.
245 1 0 _aUniversity chemistry /
_cBrian B. Laird, Raymond Chang.
260 _aBoston :
_bMcGraw-Hill,
_c2009.
300 _axxiii, 893 [71] p. :
_bcol. ill. ;
_c27 cm.
500 _aIncludes index.
650 _aChemistry
_xtextbooks.
650 1 _aChemistry
_xstudy and teaching.
700 _aChang, Raymond.
907 _a.b10292305
_b23-11-11
_c25-02-11
003
005 20230123125223.0
040 _cNUST
942 _cBOOKS
_kQD40
_mLAI
999 _c137809
_d137809